000
00307nam a22001337a 4500
008
180316b xxu||||| |||| 00| 0 eng d
020
_a
0138544891
041
_a
eng
080
_2
2nd
_a
004
100
_a
28
101
_a
SHK
245
_a
Structured computer organization
_c
Tanenbaum.A.S
942
_2
udc
_c
BK
999
_c
45247
_d
45247